[Event "Accentus Young Masters 2020"]
[Site "Bad Ragaz"]
[Date "2020.02.27"]
[Round "2.5"]
[White "Brunello, Sabino"]
[Black "Stijve, Theo"]
[Result "1-0"]
[WhiteElo "2528"]
[BlackElo "2249"]
[Annotator "TA"]
[PlyCount "63"]
[EventDate "2020.02.26"]
[EventType "schev"]
[EventCountry "SUI"]
[SourceTitle "playchess.com"]
[Source "ChessBase"]
[SourceQuality "1"]

{[%evp 9,63,-5,11,-3,22,29,18,7,36,22,35,13,58,66,219,219,224,205,255,251,339,345,474,451,462,475,527,537,538,535,514,458,552,572,633,634,607,605,810,727,815,968,906,805,986,977,971,951,953,944,1325,1183,5418,5410,29993,29994]} 1. e4 c5 2. Nf3 e6 3. Qe2 Nc6 4. g3 Nge7 5. Bg2 d5 6. exd5 {C00: French: Unusual White 2nd moves.} Nxd5 7. O-O Be7 8. Rd1 {The position is equal.} Bf6 9. Nc3 O-O 10. Ne4 b6 11. c4 Nc7 $2 ({Black should try} 11... Ba6 $1 $14) 12. Nxf6+ $18 Qxf6 {[#]} 13. d4 $1 {[%mdl 512]} Ba6 {[#]} (13... cxd4 14. Bg5) 14. dxc5 $146 ({Predecessor:} 14. Ng5) 14... bxc5 15. Rd6 Na5 16. Bg5 Qf5 17. b3 Bb7 18. Be7 {Strongly threatening Nh4.} Qh5 19. Bxf8 Rxf8 20. Rad1 e5 21. Qe3 Ne6 {If Black can now play ...Nd4 this consolidates a bit.} 22. Nxe5 Re8 23. Bf3 Qh3 24. Rd7 {[%mdl 64] Double Attack} Nd4 25. Bxb7 Nxb7 26. Rxb7 f6 27. Rxd4 cxd4 28. Qxd4 {Intending Qd5+ and mate.} fxe5 29. Qd5+ Kh8 30. Rxa7 Qh6 31. Ra8 {[%cal Ra8e8]} Qc1+ {[#]} 32. Kg2 $1 {White took control after the opening. Accuracy: White = 100%, Black = 20%.} 1-0

[Event "Accentus Young Masters 2020"]
[Site "Bad Ragaz"]
[Date "2020.02.28"]
[Round "3.1"]
[White "Colmenares, Aurelio"]
[Black "Petrov, Nikita"]
[Result "1/2-1/2"]
[WhiteElo "2302"]
[BlackElo "2592"]
[Annotator "TA"]
[PlyCount "100"]
[EventDate "2020.02.26"]
[EventType "schev"]
[EventCountry "SUI"]
[SourceTitle "playchess.com"]
[Source "ChessBase"]
[SourceQuality "1"]

{[%evp 11,100,33,36,22,27,26,31,15,1,-12,0,-10,0,-14,0,-17,0,-16,-13,-22,-11,-22,0,-7,-19,-22,-18,-37,-25,-25,-14,-17,-25,-37,-16,-41,0,-13,0,-7,-7,-11,-9,-19,-16,-18,0,0,0,-14,-10,-59,-14,-14,-14,-18,0,-6,0,-12,-7,-13,0,-16,0,0,0,0,0,0,0,0,0,-27,0,0,0,0,0,0,0,0,0,0,0,0,0,0,0,0,0]} 1. e4 c5 2. Nf3 d6 3. d4 cxd4 4. Nxd4 Nf6 5. Nc3 Bd7 6. Bg5 e6 7. Ndb5 {B56: Classical Sicilian: Unusual Lines.} (7. Be2 {feels hotter.} Be7 8. O-O O-O 9. Qd2 Nc6 10. Nb3) 7... Bxb5 $1 {[%mdl 4] is more profitable than 7...Bc6 at the moment. Played by Magnus Carlsen in December 2019.} 8. Bxb5+ Nc6 9. Qd2 {White is slightly better.} Be7 10. O-O O-O 11. Rad1 Rc8 {[#]} 12. Rfe1 $146 ({Predecessor:} 12. Be2 a6 13. Kh1 b5 14. a3 Qa5 15. f4 h6 16. Bh4 Nxe4 17. Nxe4 Qxd2 18. Rxd2 Bxh4 19. Nxd6 {½-½ (44) Kokarev,D (2478)-Kozlov,V (2092) Voronezh 2002}) 12... Qb6 13. Be3 Qc7 14. f3 a6 15. Bf1 Ne5 16. Qf2 (16. a3 {is interesting.} Rfd8 17. Bd4 b5 18. Qf2 Rb8 19. h3) 16... Nc4 17. Bxc4 Qxc4 18. Rd4 Qc6 19. Red1 b5 20. a4 Rb8 21. axb5 axb5 22. R4d2 Rfd8 23. Ne2 Qb7 24. Nf4 Rbc8 25. Kh1 b4 26. b3 Ra8 27. Qe1 Rdc8 28. Ra1 Qb5 29. Rxa8 Rxa8 30. Rd1 Rc8 31. Nd3 d5 32. e5 {[#] aiming for Bg5.} Nd7 33. Qd2 Ra8 34. Bd4 Nb8 35. Ra1 Rxa1+ 36. Bxa1 Nc6 37. h3 h6 38. Qf2 Qa6 39. Bd4 Qa2 40. Bb2 Qa6 41. f4 Bd8 42. Bd4 Qa2 (42... Bh4 $5 {[%cal Rh4f2]} 43. Qe3 Qa2 $11) 43. Bc5 {The position is equal.} Qa1+ 44. Qe1 (44. Kh2 {is more complex.} Qc3 45. g3 Be7 46. Be3 Qa1 47. Kg2) 44... Qxe1+ 45. Nxe1 Be7 46. Bxe7 Nxe7 $11 {KN-KN} 47. Nd3 Nc6 48. Kg1 f6 49. Kf2 fxe5 50. fxe5 Kf7 {Accuracy: White = 91%, Black = 91%.} 1/2-1/2

[Event "Accentus Young Masters 2020"]
[Site "Bad Ragaz"]
[Date "2020.02.28"]
[Round "3.2"]
[White "Baenziger, Fabian"]
[Black "Donchenko, Alexander"]
[Result "1/2-1/2"]
[WhiteElo "2415"]
[BlackElo "2650"]
[Annotator "TA"]
[PlyCount "85"]
[EventDate "2020.02.26"]
[EventType "schev"]
[EventCountry "SUI"]
[SourceTitle "playchess.com"]
[Source "ChessBase"]
[SourceQuality "1"]

{[%evp 9,85,31,20,20,22,7,8,9,12,-14,-11,-8,28,32,25,22,59,54,64,75,69,62,108,112,110,105,108,113,117,115,130,94,127,112,125,91,116,106,128,88,89,63,70,57,175,164,161,0,100,0,161,123,165,164,160,156,160,107,107,108,108,108,108,108,100,70,99,53,41,36,37,36,36,32,40,53,48,30]} 1. d4 Nf6 2. c4 e6 3. Nf3 a6 4. Nc3 d5 5. cxd5 exd5 6. Bg5 {D37: Queen's Gambit Declined: 5 Bf4.} Be6 7. Qb3 {White wants to play Bxf6.} Nbd7 8. e3 {The position is equal.} b5 {[#]} 9. Rd1 $146 ({Predecessor:} 9. Qc2 h6 10. Bh4 Be7 11. Bd3 O-O 12. O-O Rc8 13. a4 c6 14. axb5 cxb5 15. Qb3 {0-1 (46) Sarana,A (2636)-Maghsoodloo,P (2671) chess.com INT 2019}) 9... c5 10. Bxf6 Qxf6 11. Nxd5 Qd8 12. e4 $36 {[%mdl 2048] White is more active.} c4 13. Qe3 Bxd5 14. exd5+ Qe7 15. Ne5 $1 f6 {[#]} 16. d6 $1 {[%cal Rd6e7][%mdl 512]} Qe6 {[#]} (16... Qxd6 17. Ng6+) 17. Nxc4 $1 Kf7 18. Qxe6+ Kxe6 19. Ne3 g6 20. Be2 Bg7 21. Bf3 Rac8 22. Ke2 Kxd6 23. Rc1 f5 24. Kd3 Rhd8 25. Rhe1 Nf8 26. Bb7 Rb8 (26... Rxc1 $14 27. Rxc1 Ne6) 27. Bd5 $18 {Rc6+ is the strong threat.} ({Not} 27. Bxa6 Ne6 $15) 27... Rbc8 28. Bb7 ({Better is} 28. Rxc8 $18 Rxc8 29. Bb3) 28... Rb8 $1 $16 {[%cal Rb8b7] [#]} 29. Bd5 ({But not} 29. Bxa6 Ne6 $15) (29. Rc5 $1 $16) 29... Rbc8 $18 30. g3 Nd7 31. Bb7 Rxc1 32. Rxc1 Nb8 33. b4 (33. Bd5 $142) 33... Rd7 $16 34. Bd5 {And now Rc8 would win.} Rc7 35. Rxc7 Kxc7 {[%mdl 4096] Endgame KBN-KBN} 36. Bg8 Nc6 37. a3 h6 38. Bf7 Bxd4 {White is slightly better.} 39. Bxg6 Bb2 40. Kc2 Bxa3 41. Kb3 Bc1 42. Nxf5 Bd2 43. Be8 {Blacks defense is rewarded with a draw. Accuracy: White = 65%, Black = 71%.} 1/2-1/2

[Event "Accentus Young Masters 2020"]
[Site "Bad Ragaz"]
[Date "2020.02.28"]
[Round "3.3"]
[White "Studer, Noel"]
[Black "Diermair, Andreas"]
[Result "0-1"]
[WhiteElo "2546"]
[BlackElo "2483"]
[Annotator "TA"]
[PlyCount "88"]
[EventDate "2020.02.26"]
[EventType "schev"]
[EventCountry "SUI"]
[SourceTitle "playchess.com"]
[Source "ChessBase"]
[SourceQuality "1"]

{[%evp 14,88,16,10,12,7,10,0,0,0,8,0,12,0,0,-22,0,0,0,-15,0,-6,0,0,0,0,0,0,0,-24,-24,-81,-74,-106,-106,-106,-106,-102,-98,-67,0,-11,0,-7,0,-123,-109,-132,-132,-237,-232,-241,-42,-52,-44,-46,-43,-45,-48,-34,-36,-56,-43,-43,-50,-48,-44,-81,-89,-94,-100,-396,-396,-396,-367,-270,-233]} 1. d4 Nf6 2. c4 e6 3. Nf3 b6 4. g3 Ba6 5. Nbd2 d5 6. Bg2 Be7 7. O-O O-O 8. Ne5 c5 {E15: Queen's Indian: 4 g3 sidelines, 4 g3 Ba6 and 4 g3 Bb7 early deviations.} 9. dxc5 Qc7 10. cxd5 exd5 {The position is equal.} 11. Ndf3 {With the idea Bf4.} bxc5 {[#]} 12. Bf4 $146 {Hoping for Nxf7.} ({Predecessor:} 12. b4 Nc6 13. Bf4 Nxe5 14. Bxe5 Qb6 15. bxc5 Bxc5 16. Bd4 Rfc8 17. Re1 Ne4 18. e3 Rab8 19. h4 h6 20. a4 Bxd4 21. Nxd4 {½-½ (21) Cubides,A (2268)-Graterol,S (2204) ICCF email 2018}) 12... Bd6 13. Rc1 Re8 {[%cal Rd6e5]} ({Don't play} 13... g5 $6 14. Bxg5 Bxe5 15. Nxe5 $16) 14. b4 Nbd7 {[%cal Rd6e5]} 15. Nd3 $1 c4 16. Bxd6 Qxd6 17. Nf4 Qxb4 18. Nxd5 Nxd5 19. Qxd5 Nf6 $36 {[%mdl 2048] White is under pressure.} 20. Qc6 Qa3 21. Rfd1 Rad8 22. Qc7 {[#]} (22. e3 $11) 22... Rd7 $1 $17 {[%cal Rd7c7][%mdl 512]} 23. Qf4 (23. Rxd7 Qxc1+) 23... Rxd1+ 24. Rxd1 c3 {aiming for ...c2.} 25. Nd4 Qb2 $1 26. Bc6 Rd8 (26... Rf8 $15 27. Qe3 h6) 27. Qc7 Rf8 28. Bf3 h6 {...Rc8 is the strong threat.} 29. Qc6 (29. Kg2 $11 {keeps the balance.}) 29... Rd8 30. e3 Qa3 31. Kg2 (31. h3 $17 {was worth a try.}) 31... Rc8 $19 32. Nc2 Qxa2 $2 (32... Rxc6 $19 33. Nxa3 c2) 33. Nb4 $1 $15 Rxc6 34. Nxa2 Rc5 {White must now prevent ...c2.} 35. Rc1 $1 c2 {And now ...Bc4 would win.} 36. Nb4 {[%mdl 64] Double Attack} Bb5 37. Rxc2 Rxc2 38. Nxc2 {[%mdl 4096] Endgame KBN-KBN} a5 39. Na3 Bd3 40. Bc6 Kf8 41. f3 Ke7 42. Nb5 $2 {[%mdl 8192] [#]} (42. Kf2 $17) 42... Bxb5 $1 $19 {[%mdl 64] Overworked Piece} 43. Bxb5 {[#]} Nd5 $1 {[%cal Rd5c3]} 44. e4 Nc3 {Accuracy: White = 76%, Black = 89%.} 0-1

[Event "Accentus Young Masters 2020"]
[Site "Bad Ragaz"]
[Date "2020.02.28"]
[Round "3.4"]
[White "Gaehwiler, Gabriel"]
[Black "Brunello, Sabino"]
[Result "1/2-1/2"]
[WhiteElo "2407"]
[BlackElo "2528"]
[Annotator "TA"]
[PlyCount "106"]
[EventDate "2020.02.26"]
[EventType "schev"]
[EventCountry "SUI"]
[SourceTitle "playchess.com"]
[Source "ChessBase"]
[SourceQuality "1"]

{[%evp 12,106,12,4,37,0,0,0,0,-29,-56,-45,17,-45,-66,-106,-101,-95,-103,-115,-97,-109,-102,-110,-102,-102,-72,-66,-61,-63,-50,-62,-59,-75,-25,-124,83,10,9,18,177,28,147,124,133,143,147,139,183,183,185,183,192,177,186,191,188,187,187,180,186,177,189,190,181,135,135,114,124,116,113,65,65,65,65,65,65,66,66,65,65,65,66,60,64,64,66,58,64,0,47,0,64,0,60,0,64]} 1. d4 Nf6 2. c4 e6 3. g3 d5 4. Bg2 Bb4+ 5. Nd2 O-O 6. Ngf3 dxc4 7. Qc2 Nbd7 {E04: Open Catalan: 5 Nf3.} 8. O-O b5 9. a4 c6 {[#]} 10. Ng5 $146 ({Predecessor:} 10. b3 Bb7 11. bxc4 bxc4 12. Ne5 Nxe5 13. dxe5 Nd5 14. Nxc4 Ba6 15. Ba3 Bxa3 16. Rxa3 {1-0 (45) Galopoulos,N (2371)-Kozyris,I (1453) Heraklion 2017}) 10... Rb8 11. Bxc6 h6 (11... a6 $1 $15) 12. Ngf3 ({Better is} 12. axb5 $11 hxg5 13. Nxc4) 12... a6 $1 $15 13. Nb1 Qb6 $1 {[%cal Rb6c6]} 14. axb5 axb5 15. Bxd7 Bxd7 (15... Nxd7 16. Bf4 $15) 16. Nc3 Bc6 17. Ne5 Ba8 18. Be3 Rfd8 ({Reject} 18... Qb7 $6 19. f3 $15) 19. Rfd1 Qb7 {[%csl Ga8][%cal Rb7h1]} 20. f3 Bf8 21. Bf2 Qc7 22. Ra6 b4 23. Na4 (23. Nb1 $1 $11) 23... Qb7 $2 {[#]} (23... Bb7 $17 {and life is bright.} 24. Ra7 Be4 25. fxe4 Qxa7) 24. Qxc4 ({White should try} 24. Rb6 $1 $16 {[%cal Rb6b7]} Qa7 25. Rxb8 (25. Nxc4 b3 $11) 25... Qxb8 26. Qxc4 (26. Nxc4 b3 $16)) 24... Rbc8 $11 25. Qd3 Nd5 $2 (25... Bd6 $11 26. Ra5 Qc7) 26. Nc5 (26. e4 $18) 26... Qc7 (26... Bxc5 $1 $11 27. dxc5 Qc7) 27. Qb5 Rb8 {[#]} 28. Qa5 $1 Qxa5 29. Rxa5 b3 30. Ned7 Rbc8 31. Nxf8 Kxf8 32. Rd3 Nb4 33. Rxb3 Nc6 34. Ra4 e5 35. dxe5 Nxe5 36. Rd4 Re8 37. Rc3 Kg8 38. Nd3 {And now Nxe5 would win.} Nc6 39. Rdc4 Rxe2 40. b4 {Hoping for b5.} Rd8 41. Nf4 Rb2 {Strongly threatening ...Ne5.} 42. Rxc6 Bxc6 43. Rxc6 Rd1+ 44. Kg2 Rdd2 45. Nh3 Rxb4 46. g4 f6 47. Rc8+ Kh7 48. Kg3 {aiming for Be1.} Rbb2 49. Rc7 Kg8 50. Rc8+ ({White should play} 50. Rc3 $14) 50... Kf7 51. Rc7+ Kg8 52. Rc8+ Kf7 53. Rc7+ Kg8 {Black escapes into a draw. Accuracy: White = 68%, Black = 68%.} 1/2-1/2

[Event "Accentus Young Masters 2020"]
[Site "Bad Ragaz"]
[Date "2020.02.28"]
[Round "3.5"]
[White "Stijve, Theo"]
[Black "Albornoz Cabrera, Daniel Carlos"]
[Result "0-1"]
[WhiteElo "2249"]
[BlackElo "2566"]
[Annotator "TA"]
[PlyCount "81"]
[EventDate "2020.02.26"]
[EventType "schev"]
[EventCountry "SUI"]
[SourceTitle "playchess.com"]
[Source "ChessBase"]
[SourceQuality "1"]

{[%evp 18,81,14,0,20,21,56,23,29,0,13,13,16,0,18,-28,-23,-39,-16,-69,-63,-98,-98,-102,-104,-107,-94,-122,-112,-281,-270,-268,-256,-248,-261,-264,-257,-238,-214,-428,-378,-356,-339,-454,-453,-441,-427,-678,-675,-1166,-1166,-1166,-739,-1133,-940,-4710,-2220,-29986,-6299,-29969,-29970,-29962,-29968,-29956,-29973,-6087]} 1. e4 c5 2. Nf3 d6 3. d4 cxd4 4. Nxd4 Nf6 5. Nc3 a6 6. Be3 e5 7. Nb3 Be6 8. f3 h5 9. Qd2 Nbd7 10. O-O-O Qc7 {B90: Sicilian Najdorf: Unusual White 6th moves, 6 Be3 Ng4 and 6 Be3 e5.} 11. Kb1 Rc8 12. g3 Be7 {White has an edge.} 13. Nd5 Nxd5 14. exd5 Bf5 {[%cal Rf5c2] [#]} 15. Rc1 $146 ({Predecessor:} 15. Bd3 Bxd3 16. Qxd3 Qc4 17. Qd2 O-O 18. Rhg1 f5 19. h3 Bf6 20. Na5 Qc7 21. Rc1 {1-0 (55) Karjakin,S (2760)-Gelfand,B (2741) Moscow 2010}) 15... O-O 16. Be2 Nb6 17. Na5 Bd8 18. Rhd1 {[#]} (18. Bd3 $11 Bd7 19. Be2) 18... Nxd5 $1 $15 {[%mdl 576] Discovered Attack} 19. Qxd5 {aiming for Nb3.} Bxc2+ {[%mdl 64] Double Attack} ({Much weaker is} 19... Qxa5 $6 20. Qxb7 Qa4 21. Bd3 $14) 20. Ka1 Qxa5 21. Qxa5 Bxa5 22. Rxd6 Bf5 {Hoping for ...Rxc1+.} 23. f4 $2 {Now White is beyond hope.} (23. Rdd1 $17) 23... exf4 24. Bxf4 {[#]} Bc7 $1 {[%cal Rc7d6]} 25. Rdd1 Bxf4 26. gxf4 g6 27. Bf3 Bg4 28. Bxg4 $2 (28. Bxb7 Rb8 29. Bxa6 Bxd1 30. Rxd1) 28... hxg4 29. Kb1 Rxc1+ 30. Rxc1 $19 {[%mdl 4096] Endgame KR-KR} f5 31. h3 {Now Rg1 and White clings on.} Kg7 32. hxg4 (32. Rc7+ $142 Rf7 33. Rc2) 32... fxg4 33. Rf1 Kf6 34. Kc2 Rd8 35. Rh1 Kf5 36. Rh7 g3 {( -> ...g2)} 37. Rf7+ Kg4 (37... Ke6 $142 38. Rc7 g2 39. Kb3 g1=Q 40. Rc4 Qd1+ 41. Kb4 Qd6+ 42. Kb3 b5 43. Re4+ Kf5 44. Re5+ Kxf4 45. Re2 Qd4 46. Rf2+ Kg3 47. Rg2+ Kxg2 48. Kc2 Qd3+ 49. Kc1 Qd1#) 38. Rg7 Rd6 {Black mates.} 39. Re7 g2 40. Re5 Kxf4 41. Re1 {Accuracy: White = 32%, Black = 80%.} 0-1

[Event "Accentus Young Masters 2020"]
[Site "Bad Ragaz"]
[Date "2020.02.29"]
[Round "4.1"]
[White "Donchenko, Alexander"]
[Black "Colmenares, Aurelio"]
[Result "1-0"]
[WhiteElo "2650"]
[BlackElo "2302"]
[Annotator "TA"]
[PlyCount "67"]
[EventDate "2020.02.26"]
[EventType "schev"]
[EventCountry "SUI"]
[SourceTitle "playchess.com"]
[Source "ChessBase"]
[SourceQuality "1"]

{[%evp 17,67,0,10,0,0,0,0,7,22,12,27,19,22,27,37,29,39,0,27,28,63,29,50,0,59,5,95,81,115,104,112,118,131,118,114,108,129,119,127,90,225,222,250,249,239,246,239,231,346,356,427,399]} 1. Nf3 c5 2. c4 Nc6 3. Nc3 g6 4. e3 Nf6 5. d4 cxd4 6. exd4 d5 7. cxd5 Nxd5 8. Qb3 e6 9. Bb5 Bg7 10. O-O {A35: Symmetrical English: 2 Nc3 Nc6 3 Nf3.} O-O 11. Bxc6 bxc6 12. Ne4 {[#] The position is equal. 12.Re1 is a critical line.} a5 $146 ({Predecessor:} 12... Qb6 13. Rd1 Ba6 14. Ne5 Rad8 15. Be3 Nxe3 16. fxe3 c5 17. Nxc5 Bxe5 18. Qxb6 axb6 19. Nxa6 {½-½ (48) Sargissian,G (2668)-Sutovsky,E (2623) Tsaghkadzor 2015}) 13. Bd2 a4 14. Qc2 Ba6 15. Rfe1 Bb5 16. h4 Qe7 17. a3 (17. h5 $5) 17... Rfb8 {[#]} 18. h5 $1 {[%mdl 512]} Ra7 (18... gxh5 19. Neg5) 19. hxg6 hxg6 20. Ne5 Qd8 (20... Qh4 $11) 21. Rad1 ({White should try} 21. g3 $14) 21... Qe8 (21... Qh4 $11) 22. Nc5 Ne7 23. Qc3 Rd8 24. Ne4 f6 25. Ng4 $1 {[%cal Rg4f6]} Nd5 {[#]} 26. Qh3 $1 Re7 {With the idea ...f5.} 27. Bb4 $36 {[%mdl 2048] White is on the roll.} Red7 28. Nc5 Nf4 {[#] A mistake that costs the game.} (28... Re7 $16 {was necessary.}) 29. Qf3 $1 $18 {[%cal Rf3f4]} Rxd4 30. Rxd4 Rxd4 31. Bc3 Qd8 32. Nb7 ({Don't do} 32. Bxd4 $6 Qxd4 33. Rd1 (33. Nxe6 Qd2 $14) 33... Qxc5 $16) 32... Qd5 (32... Be2 $142) 33. Bxd4 Ne2+ 34. Rxe2 {Accuracy: White = 84%, Black = 46%.} 1-0

[Event "Accentus Young Masters 2020"]
[Site "Bad Ragaz"]
[Date "2020.02.29"]
[Round "4.2"]
[White "Diermair, Andreas"]
[Black "Baenziger, Fabian"]
[Result "1/2-1/2"]
[WhiteElo "2483"]
[BlackElo "2415"]
[Annotator "TA"]
[PlyCount "63"]
[EventDate "2020.02.26"]
[EventType "schev"]
[EventCountry "SUI"]
[SourceTitle "playchess.com"]
[Source "ChessBase"]
[SourceQuality "1"]

{[%evp 20,63,52,13,22,22,50,60,37,44,60,52,65,58,58,60,60,62,70,72,80,81,86,16,32,29,25,0,0,0,0,0,0,0,60,61,47,0,0,0,0,0,14,0,0,0]} 1. d4 d5 2. Nf3 Nf6 3. g3 g6 4. Bg2 Bg7 5. c4 O-O 6. O-O dxc4 7. Na3 Nc6 8. Nxc4 Be6 9. b3 Bd5 10. Bb2 a5 11. Ne3 {[#]} e6 $146 {D77: Fianchetto Grünfeld: 6 0-0: Replies other than 6...c6.} ({Predecessor:} 11... Be4 12. a3 Qc8 13. Nc4 Rd8 14. e3 Bd5 15. Rc1 Ne4 16. Qe2 Qe6 17. Ne1 Ng5 18. Nf3 Qg4 19. Ncd2 Nxf3+ 20. Bxf3 Bxf3 21. Qxf3 Qxf3 22. Nxf3 {½-½ (44) Rozum,I (2573)-Sjugirov,S (2654) Khanty-Mansiysk 2018}) 12. a3 a4 13. Nxd5 exd5 {White is slightly better.} 14. Ne5 Nxe5 15. dxe5 Ng4 16. bxa4 Nxe5 17. Bxd5 c6 18. Bg2 Qa5 19. Rb1 Rfd8 20. Qc1 Rab8 21. Qc3 (21. Kh1 $16) 21... Qxa4 $11 22. Rfc1 Rd7 23. Qc2 (23. Ba1 {feels hotter.} Rbd8 24. Bf1 Qa7 25. Qb4 h5 26. h3) 23... Qxc2 24. Rxc2 Rbd8 25. Rcc1 h5 26. a4 Rd2 (26... Ra8 $11) 27. Bxe5 $1 $14 Bxe5 28. Bf3 Bb2 {The position is equal.} 29. Rc4 Rd1+ 30. Rxd1 Rxd1+ 31. Kg2 {With the idea Rb4.} Rd4 32. Rxd4 {Accuracy: White = 81%, Black = 89%.} 1/2-1/2

[Event "Accentus Young Masters 2020"]
[Site "Bad Ragaz"]
[Date "2020.02.29"]
[Round "4.3"]
[White "Brunello, Sabino"]
[Black "Studer, Noel"]
[Result "0-1"]
[WhiteElo "2528"]
[BlackElo "2546"]
[Annotator "TA"]
[PlyCount "74"]
[EventDate "2020.02.26"]
[EventType "schev"]
[EventCountry "SUI"]
[SourceTitle "playchess.com"]
[Source "ChessBase"]
[SourceQuality "1"]

{[%evp 20,74,19,6,5,11,12,0,12,13,11,11,8,12,11,0,35,20,39,39,50,43,58,37,46,37,56,41,43,45,50,51,50,0,4,-12,-6,-70,0,0,0,-5,-5,-23,-13,-13,0,-107,-27,-29,-8,-436,-441,-860,-657,-5261,-2800]} 1. e4 c5 2. Nf3 Nc6 3. d4 cxd4 4. Nxd4 Nf6 5. Nc3 e5 6. Ndb5 d6 7. Bg5 a6 8. Na3 b5 9. Nd5 Be7 10. Bxf6 Bxf6 11. c4 b4 {B33: Sicilian: Pelikan and Sveshnikov Variations.} 12. Nc2 O-O 13. g3 Bg5 {The position is equal.} 14. h4 Bh6 15. Bh3 Be6 16. Kf1 Rb8 17. Qd3 Qd7 18. Kg2 {[#]} f5 $146 ({Predecessor:} 18... Ne7 19. Nxe7+ Qxe7 20. Rad1 Rfd8 21. b3 Qa7 22. Qf3 a5 23. Ne1 Qe7 24. Nd3 Rf8 {1-0 (37) Olszewski,M (2558)-Klekowski,M (2392) Trzcianka 2014}) 19. exf5 Bxf5 20. Bxf5 Rxf5 21. Qe4 Rf7 22. b3 a5 23. Rad1 Rbf8 24. Rhf1 Nd8 {[%cal Bc6d8,Bd8e6,Be6c5][%mdl 32]} 25. Nce3 Ne6 26. Nb6 Qd8 $132 {[%mdl 2048] [#] White must now prevent ...Bxe3. Black has counterplay} 27. Nbd5 Nc5 28. Qc2 (28. Qg4 $11) 28... Qd7 (28... Bxe3 $1 $15 29. fxe3 Qd7) 29. f3 $11 g6 30. Ng4 Bg7 31. Qd2 {Black should prevent Nb6.} e4 {[%cal Re4f3]} 32. Nh2 $1 a4 33. bxa4 (33. Qc2 $1 $11 {remains equal.}) 33... exf3+ ({Of course not} 33... Nxa4 $6 34. fxe4 Nc3 35. Rxf7 $11) (33... Qxa4 $17 {Strongly threatening ...b3.} 34. f4 b3 35. axb3 Qxb3) 34. Nxf3 Qg4 35. Ng5 $2 {[%mdl 8192] [#]} (35. Ne3 $1 $11 {and White has nothing to worry.} Qe4 36. Qd5) 35... Ne4 $1 $19 {[%mdl 512] Black is clearly winning.} 36. Qe3 (36. Nxf7 $142 Qxg3+ 37. Kh1 Rxf7 38. Qh2) 36... Rf2+ {[%mdl 64] Double Attack} 37. Kg1 Nxg5 {Accuracy: White = 61%, Black = 84%.} 0-1

[Event "Accentus Young Masters 2020"]
[Site "Bad Ragaz"]
[Date "2020.02.29"]
[Round "4.4"]
[White "Albornoz Cabrera, Carlos Daniel"]
[Black "Gaehwiler, Gabriel"]
[Result "1/2-1/2"]
[WhiteElo "2566"]
[BlackElo "2407"]
[Annotator "TA"]
[PlyCount "62"]
[EventDate "2020.02.26"]
[EventType "schev"]
[EventCountry "SUI"]
[SourceTitle "playchess.com"]
[Source "ChessBase"]
[SourceQuality "1"]

{[%evp 19,62,42,43,0,0,0,0,0,0,2,0,-17,-18,-31,-14,-21,0,0,0,0,0,-11,-13,-12,-6,-11,0,0,0,0,0,0,0,0,0,0,0,0,0,0,0,0,0,0,0]} 1. e4 e5 2. Nf3 Nf6 3. Nxe5 d6 4. Nf3 Nxe4 5. d4 d5 6. Bd3 Be7 7. O-O Nc6 8. c4 Nb4 9. Be2 dxc4 10. Bxc4 O-O 11. Re1 {C42: Petroff Defence: 3 Nxe5 and unusual White 3rd moves.} Nd6 12. Bb3 Bf6 13. Nc3 Bg4 14. Be3 {[#]} Nc6 $146 ({Predecessor:} 14... Re8 15. h3 Bh5 16. a3 Nc6 17. g4 Bg6 18. Ba4 Nc4 19. Bxc6 bxc6 20. b3 Nb6 {0-1 (37) Szabo,B (1758)-Hoang,T (2042) Budapest 2004}) 15. Bd5 Nf5 16. Bxc6 bxc6 17. h3 {The position is equal.} Bxf3 (17... Nxe3 {is interesting.} 18. fxe3 Bh5 19. g4 Bg6 20. Qd2 c5) 18. Qxf3 {[%mdl 64] [#] Double Attack} Nxd4 19. Bxd4 Qxd4 20. Qxc6 Qb6 21. Qxb6 axb6 22. Rac1 Bxc3 23. Rxc3 Rxa2 24. Rxc7 Rxb2 $11 {[%mdl 4096] Endgame KRR-KRR} 25. Rb7 h6 26. Ree7 b5 27. g3 Rb1+ 28. Kg2 Rb2 29. Re5 b4 30. Reb5 b3 31. Rxb3 Rxb3 {An uneventful encounter. Accuracy: White = 93%, Black = 100%.} 1/2-1/2